| 000 | 00481nam a2200205Ia 4500 | ||
|---|---|---|---|
| 008 | 170918s9999 xx 000 0 und d | ||
| 020 | _a9780545440424 | ||
| 050 | _bR455th 2012 | ||
| 100 | _aRex, Michael | ||
| 245 | _aFangbone! : | ||
| 245 | _bthird-grade barbarian / | ||
| 245 | _cby Michael Rex. | ||
| 260 | _aNew York : | ||
| 260 | _bScholastic, | ||
| 260 | _c2012 | ||
| 300 | _a120 pages : | ||
| 300 | _bcolor illustration ; | ||
| 300 | _c19cm. | ||
| 500 | _a310 | ||
| 999 |
_c344235 _d344235 |
||